Khảo sát sự hiện diện của kháng thể kháng Mycoplasma hyopneumoniae (MH) trên những heo dương tính với Porcine reproductive and Respiratory syndrome virus (PRRSV) ở các hộ chăn nuôi gia đình tỉnh Tiền Giang : Luận văn tốt nghiệp cao học Ngành Thú y
Đề tài xác định tình trạng đồng nhiễm PRRSV, xác định hiệu quả kháng sinh phòng bệnh viêm phổi địa phương trên heo do MH ở các hộ chăn nuôi gia đình.
Tallennettuna:
| Päätekijä: | |
|---|---|
| Aineistotyyppi: | Kirja |
| Kieli: | Undetermined |
| Julkaistu: |
Cần Thơ
Trường Đại học Cần Thơ
2014
|
| Aiheet: | |
| Tagit: |
Lisää tagi
Ei tageja, Lisää ensimmäinen tagi!
|
| Thư viện lưu trữ: | Trung tâm Học liệu Trường Đại học Cần Thơ |
|---|
| LEADER | 01212nam a2200229Ia 4500 | ||
|---|---|---|---|
| 001 | CTU_191125 | ||
| 008 | 210402s9999 xx 000 0 und d | ||
| 082 | |a 636.40896 | ||
| 082 | |b D121 | ||
| 088 | |a 60640101 | ||
| 100 | |a Phạm, Lợi Dân | ||
| 245 | 0 | |a Khảo sát sự hiện diện của kháng thể kháng Mycoplasma hyopneumoniae (MH) trên những heo dương tính với Porcine reproductive and Respiratory syndrome virus (PRRSV) ở các hộ chăn nuôi gia đình tỉnh Tiền Giang : | |
| 245 | 0 | |b Luận văn tốt nghiệp cao học Ngành Thú y | |
| 245 | 0 | |c Phạm Lợi Dân ; Trần Thị Dân, Thái Quốc Hiếu (Cán bộ hướng dẫn) | |
| 260 | |a Cần Thơ | ||
| 260 | |b Trường Đại học Cần Thơ | ||
| 260 | |c 2014 | ||
| 520 | |a Đề tài xác định tình trạng đồng nhiễm PRRSV, xác định hiệu quả kháng sinh phòng bệnh viêm phổi địa phương trên heo do MH ở các hộ chăn nuôi gia đình. | ||
| 650 | |a Swine,Heo | ||
| 650 | |x Diseases,Bệnh | ||
| 910 | |a Hải | ||
| 980 | |a Trung tâm Học liệu Trường Đại học Cần Thơ | ||